| 000 | 00862mc a2200265a 44500 | ||
|---|---|---|---|
| 001 | NM030010 | ||
| 003 | RG CODE MARC | ||
| 008 | 75020s2007 ||||||||||||||000 | spa|| | ||
| 005 | 20251028183339.0 | ||
| 020 | _a978-84-8164-223-0 | ||
| 040 | _aORG CODE MARC | ||
| 100 |
_aWeil, Simone _d1909-1943 _940859 |
||
| 245 |
_aLa gravedad y la gracia _cSimone Weil |
||
| 250 | _a4ª ed. | ||
| 260 |
_aMadrid _bTrotta |
||
| 300 |
_a209 p. _b23 cm. |
||
| 490 | _aColección estructuras y procesos .Serie religión | ||
| 500 | _aAntología de escritos | ||
| 500 | _aTítulo original: La pesanteur et la grâce | ||
| 500 | _a"Traducción, introducción y notas de Carlos Ortega" | ||
| 500 | _aPropiedad anterior de Pablo Daniel Bordenave, -2024 | ||
| 500 | _aEd. original en francés: Librairie Plon | ||
| 536 | _aMinisterio de Cultura de Francia | ||
| 942 | _cBK | ||
| 999 |
_c29317 _d29317 |
||